000 00354nam a2200121Ia 4500
008 220217s9999||||xx |||||||||||||| ||und||
020 _a9789352530144
100 _aRao, Prasada, N.D.V
_910218
245 0 _aHigh school english grammar and composition
260 _aBlakie Publications
_bNew Delhi
_c2018
300 _a384p.
_b400
650 _aPlacement
999 _c188514
_d188514